| 000 | 00416cam a22001812a 4500 | ||
|---|---|---|---|
| 001 | 023678 | ||
| 003 | AR-FADEU | ||
| 008 | 311216n1984####xxu####################dd | ||
| 092 |
_a940.253 _bM618 _eBDT |
||
| 100 | _aMijailov, M. I. | ||
| 245 | _aLa revolución industrial | ||
| 260 | _aMéxico | ||
| 260 | _bCartago | ||
| 260 | _c1984 | ||
| 300 | _a94 p | ||
| 650 | _aREVOLUCION INDUSTRIAL/BDT/ | ||
| 942 | _cBDT | ||
| 999 |
_c29368 _d29368 |
||